[Event "IV Weekend Hotel Corallo A"]
[Site "Imperia ITA"]
[Date "2009.11.22"]
[Round "5"]
[White "Mazzeo, Gabriele"]
[Black "Moschetto, Giuliano"]
[Result "1/2-1/2"]
[WhiteElo "1772"]
[BlackElo "1695"]
[PlyCount "51"]
[EventDate "2009.11.20"]

1. e4 c5 2. Nf3 b6 3. Nc3 Bb7 4. Be2 Nf6 5. d3 d5 6. exd5 Nxd5 7. Nxd5 Bxd5 8.
Bf4 Nd7 9. O-O e6 10. Qd2 Be7 11. Rfe1 O-O 12. h3 Bf6 13. c3 Qe7 14. Nh2 Be5
15. Bf3 Bxf4 16. Qxf4 Bxf3 17. Nxf3 Rfd8 18. d4 cxd4 19. Nxd4 Rac8 20. Qf3 Qc5
21. Nb3 Qc7 22. Rad1 Nc5 23. Nxc5 Qxc5 24. Rxd8+ Rxd8 25. Rd1 Rxd1+ 26. Qxd1
1/2-1/2

[Event "IV Weekend Hotel Corallo A"]
[Site "Imperia ITA"]
[Date "2009.11.22"]
[Round "5"]
[White "Mazzetta, Renato"]
[Black "Tomassoni, Leonardo"]
[Result "1-0"]
[WhiteElo "1913"]
[BlackElo "1952"]
[PlyCount "105"]
[EventDate "2009.11.20"]

1. e4 c5 2. Nc3 d6 3. g3 Nf6 4. Bg2 Nc6 5. h3 e5 6. d3 Be7 7. Nge2 Be6 8. Nd5
Bxd5 9. exd5 Nb4 10. c4 Qd7 11. a3 Na6 12. Nc3 Nc7 13. O-O O-O 14. f4 exf4 15.
Bxf4 Rab8 16. b4 b6 17. b5 Nfe8 18. Ra2 Bf6 19. Ne4 Bd4+ 20. Kh2 f5 21. Ng5 h6
22. Ne6 Nxe6 23. dxe6 Qe7 24. Qh5 Rf6 25. Bc1 Kh8 26. Rxf5 Qxe6 27. Rxf6 Nxf6
28. Re2 Be5 29. Qg6 Bxg3+ 30. Qxg3 Qxe2 31. Qxd6 Re8 32. Bxh6 Qe5+ 33. Qxe5
Rxe5 34. Bf4 Re7 35. Bb8 Ng8 36. Be4 Nh6 37. Kg3 Nf7 38. Kf4 Nd8 39. Bd5 Nf7
40. h4 Kh7 41. Kf5 Nh6+ 42. Kg5 Ng8 43. Kf4 Nf6 44. Bf3 Kh6 45. Kf5 Nh5 46. Bd5
g6+ 47. Kg4 Nf6+ 48. Kf4 Nxd5+ 49. cxd5 Kh5 50. d6 Rf7+ 51. Ke5 Rb7 52. Bc7
Kxh4 53. d7 1-0

[Event "IV Weekend Hotel Corallo A"]
[Site "Imperia ITA"]
[Date "2009.11.22"]
[Round "5"]
[White "Mollero, Michele"]
[Black "Volpara, Riccardo"]
[Result "1-0"]
[WhiteElo "2181"]
[BlackElo "1577"]
[PlyCount "81"]
[EventDate "2009.11.20"]

1. d4 Nf6 2. Bg5 d5 3. Nd2 Nc6 4. e3 e5 5. c3 Be7 6. Bb5 exd4 7. cxd4 Ne4 8.
Bxe7 Qxe7 9. Ngf3 Nxd2 10. Qxd2 Bd7 11. O-O O-O 12. Rfc1 a6 13. Bxc6 Bxc6 14.
Rc5 f6 15. Rac1 Rac8 16. Qc2 Qe6 17. b4 Rf7 18. Qb3 Rd7 19. a4 Rd6 20. b5 axb5
21. axb5 Be8 22. Rxc7 Rxc7 23. Rxc7 Rb6 24. Rc5 Qd7 25. Rxd5 Bf7 26. Rxd7 Bxb3
27. h3 Rxb5 28. e4 Bc4 29. d5 Rb1+ 30. Kh2 b5 31. Nd4 h6 32. Nf5 Bd3 33. Rxg7+
Kf8 34. f3 b4 35. d6 Bb5 36. Rb7 Bc6 37. d7 Rd1 38. Rb8+ Kf7 39. d8=Q Rxd8 40.
Rxd8 b3 41. Rb8 1-0

[Event "IV Weekend Hotel Corallo A"]
[Site "Imperia ITA"]
[Date "2009.11.22"]
[Round "5"]
[White "Nanni, Sergio"]
[Black "Lezzerini, Marco"]
[Result "1/2-1/2"]
[WhiteElo "1702"]
[BlackElo "1575"]
[PlyCount "46"]
[EventDate "2009.11.20"]

1. e4 e6 2. d4 d5 3. Nc3 Nf6 4. exd5 Nxd5 5. Nf3 Nxc3 6. bxc3 c5 7. Bb5+ Bd7 8.
Bxd7+ Nxd7 9. O-O Bd6 10. d5 e5 11. Ng5 Nf6 12. Nf3 O-O 13. c4 Qc7 14. Nh4 Rfe8
15. Nf5 h6 16. Qf3 Kh7 17. Nxh6 e4 18. Qh3 Bxh2+ 19. Kh1 Be5 20. Nxf7+ Kg6 21.
Nxe5+ Qxe5 22. Qg3+ Qxg3 23. fxg3 Nh5 1/2-1/2

[Event "IV Weekend Hotel Corallo A"]
[Site "Imperia ITA"]
[Date "2009.11.22"]
[Round "5"]
[White "Pesce, Gabriele"]
[Black "Barletta, Mauro"]
[Result "1-0"]
[WhiteElo "2143"]
[BlackElo "2210"]
[PlyCount "113"]
[EventDate "2009.11.20"]

1. e4 d5 2. exd5 Nf6 3. d4 Bg4 4. Bb5+ Nbd7 5. f3 Bf5 6. c4 e6 7. g4 Nxg4 8.
fxg4 Qh4+ 9. Kf1 Bxg4 10. Qe1 Bh3+ 11. Nxh3 Qxh3+ 12. Ke2 Qg4+ 13. Kd3 O-O-O
14. Bxd7+ Rxd7 15. Nc3 exd5 16. cxd5 Bd6 17. Qe2 Qf5+ 18. Kc4 Re7 19. Rf1 Qd7
20. Qf2 c6 21. Qf5 Qxf5 22. Rxf5 Bxh2 23. dxc6 bxc6 24. Bg5 f6 25. Rh1 Bd6 26.
Bd2 h6 27. Kd3 Rhe8 28. Rc1 Kb7 29. Na4 Rd8 30. Ba5 Rde8 31. Bd2 Rd8 32. Nc5+
Bxc5 33. Rfxc5 Red7 34. R1c4 Rd5 35. Rxc6 Rxd4+ 36. Rxd4 Rxd4+ 37. Kxd4 Kxc6
38. Bb4 g6 39. Be7 f5 40. Ke5 h5 41. Bg5 Kb5 42. Kf6 Kc4 43. Kxg6 Kd3 44. Kxf5
Kc2 45. Bf6 h4 46. Kg4 h3 47. Kxh3 Kd3 48. Kg4 Ke4 49. Bc3 Kd5 50. Kf5 Kd6 51.
Bd4 a6 52. Kf4 Kc6 53. Ke5 Kb5 54. Kd5 a5 55. a3 Ka4 56. Kc5 Kb3 57. Bc3 1-0

[Event "IV Weekend Hotel Corallo A"]
[Site "Imperia ITA"]
[Date "2009.11.22"]
[Round "5"]
[White "Restifo, Katiuscia"]
[Black "Lanteri, Nicolas"]
[Result "0-1"]
[WhiteElo "1778"]
[BlackElo "1939"]
[PlyCount "104"]
[EventDate "2009.11.20"]

1. d4 Nf6 2. Nf3 d5 3. e3 e6 4. Bd3 b6 5. O-O Bd6 6. b3 Nbd7 7. Bb2 Bb7 8. Nbd2
Rc8 9. Re1 Ne4 10. Ne5 Nxe5 11. dxe5 Bb4 12. Bc1 Bc3 13. Rb1 Bxe5 14. Bxe4 dxe4
15. Qg4 O-O 16. Nc4 Bc3 17. Rd1 Qf6 18. Ba3 Rfd8 19. Rf1 b5 20. Nb2 b4 21. Nd1
bxa3 22. f4 Ba6 23. Nxc3 Qxc3 24. Rfe1 Qxc2 25. Rbc1 Qxa2 26. f5 Qxb3 27. f6 g6
28. Qf4 Qb2 29. Rc2 Qb4 30. Rec1 Qd6 31. Qh6 Qf8 32. Qf4 Bd3 33. Ra2 Rd5 34. g4
Rc5 35. Rca1 Rc3 36. h4 Bc4 37. Rg2 Qc5 38. Re1 e5 39. Qg5 a2 40. h5 Rxe3 41.
Rxe3 a1=Q+ 42. Kh2 Qf1 43. hxg6 Qf4+ 44. Qxf4 exf4 45. gxh7+ Kh8 46. Rh3 f3 47.
Rc2 f2 48. Rhc3 f1=Q 49. Rg2 Qe5+ 50. Rcg3 Be2 51. g5 Bf3 52. g6 Qxg2# 0-1

[Event "IV Weekend Hotel Corallo A"]
[Site "Imperia ITA"]
[Date "2009.11.22"]
[Round "5"]
[White "Salerno, Luciano"]
[Black "Tagliano, Maurizio"]
[Result "1-0"]
[WhiteElo "1682"]
[BlackElo "1739"]
[PlyCount "97"]
[EventDate "2009.11.20"]

1. d4 e6 2. c4 Nf6 3. Nf3 b6 4. g3 Bb7 5. Bg2 Bb4+ 6. Nc3 O-O 7. O-O Be7 8. Qc2
d5 9. cxd5 exd5 10. Bg5 h6 11. Bxf6 Bxf6 12. Rac1 Nd7 13. Rfd1 a6 14. e4 dxe4
15. Nxe4 Bxe4 16. Qxe4 c5 17. dxc5 Nxc5 18. Rxd8 Nxe4 19. Rxf8+ Rxf8 20. b4 Nc3
21. Rc2 Rd8 22. Bf1 Rd1 23. Kg2 Ra1 24. Bxa6 Rxa2 25. Rxa2 Nxa2 26. b5 Bc3 27.
Bb7 Kf8 28. Kf1 Nc1 29. Ne1 Ke7 30. f4 Bxe1 31. Kxe1 Nb3 32. Kf2 Kd6 33. Ke3
Kc5 34. Ke4 Nd2+ 35. Ke5 Nf1 36. Bd5 Nxh2 37. Bxf7 Nf3+ 38. Kf5 Nd4+ 39. Kg6
Nxb5 40. Kxg7 Nd6 41. Bg6 Kd4 42. Kxh6 Ne4 43. Bxe4 Kxe4 44. Kg5 b5 45. f5 b4
46. f6 b3 47. f7 b2 48. f8=Q b1=Q 49. Qf5+ 1-0

[Event "IV Weekend Hotel Corallo A"]
[Site "Imperia ITA"]
[Date "2009.11.22"]
[Round "5"]
[White "Tortorella, Giancarlo"]
[Black "Formento, Paolo"]
[Result "0-1"]
[WhiteElo "1858"]
[BlackElo "1779"]
[PlyCount "75"]
[EventDate "2009.11.20"]

1. e4 e6 2. Nf3 d5 3. e5 c5 4. b4 cxb4 5. d4 Nc6 6. a3 bxa3 7. c3 Nge7 8. Bxa3
Ng6 9. Bxf8 Nxf8 10. Bd3 h6 11. Na3 Qe7 12. Nb5 f5 13. Nd6+ Kd8 14. O-O g6 15.
Nd2 Nh7 16. Nb3 Ng5 17. Nc5 Nf7 18. Nxf7+ Qxf7 19. Bb5 Kc7 20. Qa4 Bd7 21. Nxb7
Kxb7 22. Bxc6+ Bxc6 23. Qb4+ Kc8 24. Qd6 Qd7 25. Qc5 Qc7 26. Ra6 Bb7 27. Qxc7+
Kxc7 28. Rxe6 g5 29. Rb1 Rae8 30. Rf6 Ref8 31. Rg6 Rh7 32. f3 Bc6 33. Kf2 a5
34. Ke2 a4 35. Kd3 f4 36. c4 Bd7 37. Ra6 Bf5+ 38. Kc3 0-1

[Event "Coppa del Mondo"]
[Site "Khanty-Mansiysk RUS"]
[Date "2009.11.29"]
[Round "3.6"]
[White "Alekseev, Evgeny"]
[Black "Caruana, Fabiano"]
[Result "1/2-1/2"]
[WhiteElo "2715"]
[BlackElo "2652"]
[PlyCount "109"]
[EventDate "2009.11.21"]

1. e4 e5 2. Nf3 Nc6 3. Bc4 Bc5 4. c3 Nf6 5. d3 d6 6. Bb3 a6 7. O-O O-O 8. h3 h6
9. Re1 Ba7 10. Nbd2 Re8 11. Nf1 Be6 12. Bc2 d5 13. Qe2 dxe4 14. dxe4 b5 15.
N3h2 Ne7 16. Rd1 Qc8 17. Qf3 Nh7 18. Ng4 Ng6 19. Nfe3 Rd8 20. Nf5 Rxd1+ 21.
Qxd1 Qd8 22. Qe1 h5 23. Nh2 Nf4 24. Bxf4 exf4 25. Rd1 Qe8 26. Qd2 Bxf5 27. exf5
Qe5 28. Re1 Qd6 29. Qxd6 cxd6 30. Re7 Nf6 31. Nf3 Bc5 32. Rc7 Ne8 33. Rc6 a5
34. Ng5 a4 35. Ne4 Rd8 36. b4 axb3 37. Bxb3 Kf8 38. Kf1 Nf6 39. Nxf6 gxf6 40.
Rc7 Ba3 41. Rxf7+ Ke8 42. Rxf6 Rc8 43. Rh6 Rxc3 44. f6 f3 45. Rh8+ Kd7 46. Kg1
d5 47. Bxd5 Rc1+ 48. Kh2 Bd6+ 49. g3 Rf1 50. f7 Rxf2+ 51. Kg1 Bc5 52. f8=N+ Kd6
53. Rh6+ Kxd5 54. Rxh5+ Kd6 55. Rh6+ 1/2-1/2

[Event "Coppa del Mondo"]
[Site "Khanty-Mansiysk RUS"]
[Date "2009.12.01"]
[Round "4.2"]
[White "Caruana, Fabiano"]
[Black "Gashimov, Vugar"]
[Result "1/2-1/2"]
[WhiteElo "2652"]
[BlackElo "2759"]
[PlyCount "125"]
[EventDate "2009.11.21"]

1. e4 c5 2. Nf3 d6 3. d4 cxd4 4. Nxd4 Nf6 5. Nc3 a6 6. Be3 Ng4 7. Bg5 h6 8. Bh4
g5 9. Bg3 Nc6 10. Be2 Nge5 11. Nxc6 Nxc6 12. Nd5 Bg7 13. c3 Ne5 14. Qb3 O-O 15.
Qb6 Qxb6 16. Nxb6 Rb8 17. h4 gxh4 18. Rxh4 Ng6 19. Rh5 Be6 20. f4 f5 21. exf5
Rxf5 22. Rxf5 Bxf5 23. O-O-O Rd8 24. Bf3 e6 25. Nc4 d5 26. Ne3 Rf8 27. Nxf5
Rxf5 28. Bg4 Rf6 29. Re1 Nf8 30. f5 exf5 31. Bf3 d4 32. cxd4 f4 33. Bf2 b6 34.
d5 Rd6 35. Re8 Kf7 36. Bh5+ Kg8 37. Bf3 Kf7 38. Ra8 a5 39. Ra7+ Kg8 40. Ra8 Kf7
41. Ra7+ Kg8 42. Rb7 Nd7 43. Bg4 Nc5 44. Bxc5 bxc5 45. Be6+ Kh7 46. b3 Kg6 47.
Ra7 Bc3 48. Kc2 Be1 49. Kd3 Rb6 50. Ke2 Bc3 51. Kf3 Kf6 52. Kxf4 Rb4+ 53. Kf3
Ke5 54. g3 c4 55. bxc4 Rxc4 56. Bf7 Bb4 57. Ra6 Rc3+ 58. Kg4 Bd6 59. Rxa5 Kf6
60. Be6 Rxg3+ 61. Kh5 Rg5+ 62. Kh4 Ke5 63. Bg4 1/2-1/2

[Event "XII Weekend A"]
[Site "Porto Sant'Elpidio ITA"]
[Date "2009.11.21"]
[Round "1"]
[White "Acciaioli, Fabio"]
[Black "Martella, Antonio"]
[Result "1-0"]
[WhiteElo "1838"]
[BlackElo "1962"]
[PlyCount "92"]
[EventDate "2009.11.21"]

1. e4 e6 2. d3 d5 3. Nd2 c5 4. Ngf3 Nc6 5. g3 b6 6. Bg2 Bb7 7. O-O Nf6 8. Re1
Be7 9. e5 Nd7 10. Nf1 Qc7 11. Qe2 O-O-O 12. c3 h6 13. Bd2 g5 14. h3 Rdg8 15. d4
g4 16. hxg4 Rxg4 17. Bf4 h5 18. Ne3 Rg7 19. Nxd5 exd5 20. e6 Bd6 21. exd7+ Qxd7
22. Ne5 Nxe5 23. Bxe5 Bxe5 24. Qxe5 f5 25. Re3 h4 26. Bh3 Rf8 27. Rae1 Bc6 28.
Rf3 Rg5 29. Kh2 hxg3+ 30. fxg3 Qh7 31. Qe7 Rh8 32. Qxh7 Rxh7 33. Kg2 Rf7 34.
Re5 Kc7 35. Rfxf5 Rgxf5 36. Rxf5 Re7 37. Rf2 cxd4 38. cxd4 Re4 39. Rd2 Be8 40.
Bf5 Re1 41. g4 Kd6 42. Kg3 Ke7 43. Kf4 Kf7 44. Rc2 Re7 45. Rh2 Kg8 46. Rh6 Re2
1-0

[Event "XII Weekend A"]
[Site "Porto Sant'Elpidio ITA"]
[Date "2009.11.21"]
[Round "1"]
[White "Giobbi, Costantino"]
[Black "Dimitrijevic, Dragan"]
[Result "1-0"]
[WhiteElo "1921"]
[BlackElo "1979"]
[PlyCount "42"]
[EventDate "2009.11.21"]

1. e4 c6 2. d4 d5 3. Nd2 dxe4 4. Nxe4 Nf6 5. Ng3 h5 6. h4 e5 7. Bg5 exd4 8. Qd2
Be6 9. a3 Qb6 10. O-O-O c5 11. Nh3 Nbd7 12. Nf4 O-O-O 13. Nxe6 Qxe6 14. Kb1 Qb6
15. Bd3 g6 16. Rhe1 Bd6 17. c3 Be5 18. c4 Bxg3 19. fxg3 Rde8 20. Rxe8+ Rxe8 21.
Rf1 Re6 1-0

[Event "XII Weekend A"]
[Site "Porto Sant'Elpidio ITA"]
[Date "2009.11.21"]
[Round "1"]
[White "Marozzi, Giovanni"]
[Black "Marconi, Luca"]
[Result "0-1"]
[WhiteElo "1946"]
[BlackElo "1815"]
[PlyCount "146"]
[EventDate "2009.11.21"]

1. e4 d6 2. d4 Nf6 3. Nc3 c6 4. Nf3 Bg4 5. Be2 Nbd7 6. h3 Bh5 7. O-O Qc7 8. Be3
e5 9. Nd2 Bxe2 10. Nxe2 g6 11. c4 Bg7 12. Qc2 O-O 13. Rac1 Nh5 14. dxe5 dxe5
15. c5 Nf4 16. Nc4 Ne6 17. b4 Rfd8 18. Rfd1 Nf6 19. Nd6 Ne8 20. Nxe8 Rxd1+ 21.
Rxd1 Rxe8 22. Rd2 Rd8 23. Qd1 Rxd2 24. Qxd2 Qd8 25. Qxd8+ Nxd8 26. a4 Ne6 27.
Kf1 a5 28. bxa5 Bf8 29. Ke1 Bxc5 30. Bxc5 Nxc5 31. Nc3 Nb3 32. a6 bxa6 33. Ke2
Nc5 34. Ke3 Kf8 35. f4 f6 36. fxe5 fxe5 37. Kf3 Ke7 38. Kg4 Ne6 39. h4 h5+ 40.
Kf3 Kd6 41. g4 Kc5 42. gxh5 gxh5 43. Ke3 Kc4 44. Ne2 Kb4 45. Ng3 Nf4 46. Nf5
Kxa4 47. Kd2 Kb4 48. Kc2 Kc4 49. Ne7 Kd4 50. Nxc6+ Kxe4 51. Kd2 Ng2 52. Ke2
Nxh4 53. Kf2 Kf4 54. Nb4 a5 55. Nd5+ Ke4 56. Nf6+ Kd3 57. Nxh5 a4 58. Nf6 a3
59. Nd5 Nf5 60. Nb4+ Kc4 61. Na2 e4 62. Ke1 Kb3 63. Nc1+ Kb2 64. Kd1 a2 65.
Nxa2 Kxa2 66. Kc2 e3 67. Kc3 Kb1 68. Kd3 Kc1 69. Ke2 Kc2 70. Ke1 Kd3 71. Kd1
Nd4 72. Ke1 e2 73. Kf2 Kd2 0-1

[Event "XII Weekend A"]
[Site "Porto Sant'Elpidio ITA"]
[Date "2009.11.21"]
[Round "1"]
[White "Rinaudo, Sergio"]
[Black "Briffault, Philippe"]
[Result "1-0"]
[WhiteElo "2121"]
[BlackElo "1930"]
[PlyCount "121"]
[EventDate "2009.11.21"]

1. d4 Nf6 2. Nf3 g6 3. Nbd2 Bg7 4. e4 d6 5. Bd3 O-O 6. O-O c5 7. c3 cxd4 8.
cxd4 Nc6 9. a3 Bg4 10. h3 Bd7 11. d5 Ne5 12. Nxe5 dxe5 13. Nf3 Ne8 14. Qb3 Nd6
15. Re1 Rc8 16. Bd2 Kh8 17. Bc3 f6 18. Nd2 b5 19. Rac1 Bh6 20. Rcd1 a5 21. Nf3
Qb6 22. Bd2 Bxd2 23. Rxd2 Rc7 24. Rc2 a4 25. Qb4 Rxc2 26. Bxc2 Qc7 27. Bd3 Rc8
28. Re2 Qc1+ 29. Re1 Qc7 30. Rd1 Kg7 31. Nd2 Kf7 32. Nb1 Qc5 33. Qd2 Kg7 34.
Kh2 Qd4 35. Nc3 Qb6 36. f4 Nf7 37. Na2 Qd6 38. g3 exf4 39. Qxf4 Ne5 40. Nb4 Nc4
41. Qxd6 exd6 42. Rc1 Rc5 43. Bxc4 bxc4 44. g4 f5 45. gxf5 gxf5 46. exf5 Bxf5
47. Kg3 Kf6 48. h4 Ke5 49. Re1+ Kd4 50. Kf4 Bd3 51. Re6 c3 52. bxc3+ Rxc3 53.
Nxd3 Rxd3 54. Rxd6 Rxa3 55. Rd8 Ra1 56. d6 a3 57. d7 a2 58. Ra8 Rf1+ 59. Kg5
Ke5 60. d8=Q Rf5+ 61. Kg4 1-0

[Event "XII Weekend A"]
[Site "Porto Sant'Elpidio ITA"]
[Date "2009.11.21"]
[Round "1"]
[White "Santurbano, Maria Vincenza"]
[Black "Guglielmi, Dante"]
[Result "1-0"]
[WhiteElo "1970"]
[BlackElo "1918"]
[PlyCount "63"]
[EventDate "2009.11.21"]

1. e4 c5 2. Nc3 Nc6 3. f4 d6 4. Nf3 Nf6 5. Bb5 a6 6. Bxc6+ bxc6 7. O-O g6 8. e5
Nd5 9. exd6 exd6 10. Re1+ Be7 11. d4 Nxc3 12. bxc3 O-O 13. dxc5 Bf6 14. cxd6
Bxc3 15. Ba3 Bxe1 16. Qxe1 Re8 17. Qc3 Qb6+ 18. Bc5 Qb5 19. a4 Qb7 20. Qf6 Re6
21. Qd8+ Kg7 22. Bd4+ f6 23. Ng5 Qd7 24. Nxe6+ Qxe6 25. Kf2 Qf5 26. Qe7+ Kg8
27. Kg1 Qe6 28. Qd8+ Kg7 29. d7 Bb7 30. Qxa8 Qxd7 31. Qa7 c5 32. Qxc5 1-0

[Event "XII Weekend A"]
[Site "Porto Sant'Elpidio ITA"]
[Date "2009.11.22"]
[Round "2"]
[White "Acciaioli, Fabio"]
[Black "Giobbi, Costantino"]
[Result "1/2-1/2"]
[WhiteElo "1838"]
[BlackElo "1921"]
[PlyCount "45"]
[EventDate "2009.11.21"]

1. e4 d5 2. exd5 Qxd5 3. Nc3 Qe5+ 4. Qe2 Qxe2+ 5. Bxe2 c6 6. Nf3 Nf6 7. O-O Bg4
8. Re1 e6 9. d3 Be7 10. h3 Bxf3 11. Bxf3 O-O 12. a3 Na6 13. Bf4 Rfd8 14. b4 Nd5
15. Nxd5 cxd5 16. c4 Bf6 17. Rab1 Rd7 18. Re2 dxc4 19. dxc4 Rad8 20. Ree1 Bc3
21. Rec1 Bd4 22. Re1 Bc3 23. Rec1 1/2-1/2

[Event "XII Weekend A"]
[Site "Porto Sant'Elpidio ITA"]
[Date "2009.11.22"]
[Round "2"]
[White "Briffault, Philippe"]
[Black "Marozzi, Giovanni"]
[Result "1-0"]
[WhiteElo "1930"]
[BlackElo "1946"]
[PlyCount "113"]
[EventDate "2009.11.21"]

1. d4 c5 2. d5 d6 3. c4 g6 4. Nc3 Bg7 5. e4 Nf6 6. h3 O-O 7. Nf3 e5 8. Be2 h6
9. O-O Na6 10. Be3 Nc7 11. Qd2 Kh7 12. a3 Bd7 13. b4 b6 14. Qc2 Qe7 15. Rab1
Nh5 16. bxc5 dxc5 17. Rfd1 Ne8 18. a4 Nd6 19. Nb5 Bxb5 20. axb5 Nf4 21. Bf1 g5
22. g3 Ng6 23. Ra1 f5 24. Bd3 f4 25. gxf4 Nxf4 26. Bxf4 Rxf4 27. Nh2 h5 28. f3
Raf8 29. Rf1 Qd7 30. Qg2 Bh6 31. Ra2 Rg8 32. Kh1 Rh4 33. Rfa1 Nc8 34. Bf1 Qe7
35. Be2 Rg7 36. Rg1 Qd7 37. Bf1 Nd6 38. Qe2 Rf7 39. Ra3 Nc8 40. Bg2 Rg7 41. Bf1
Ne7 42. Rg3 Ng6 43. Kg1 Nf4 44. Qb2 Qe7 45. Qa1 Rf7 46. Qd1 Bg7 47. Bg2 Kh6 48.
Nf1 Qd7 49. Ne3 Nxh3+ 50. Rxh3 Rxh3 51. Nf5+ Rxf5 52. Bxh3 g4 53. fxg4 Rg5 54.
Rg3 h4 55. Rg2 Bf6 56. Rf2 Rg6 57. Rxf6 1-0

[Event "XII Weekend A"]
[Site "Porto Sant'Elpidio ITA"]
[Date "2009.11.22"]
[Round "2"]
[White "Faini, Marco"]
[Black "Dimitrijevic, Dragan"]
[Result "1-0"]
[WhiteElo "1913"]
[BlackElo "1979"]
[PlyCount "67"]
[EventDate "2009.11.21"]

1. c4 e6 2. g3 d5 3. d3 dxc4 4. Qa4+ Bd7 5. Qxc4 Bc6 6. Nf3 Bxf3 7. exf3 Qd7 8.
Be2 Nc6 9. Be3 Bb4+ 10. Nc3 Nge7 11. a3 Bd6 12. Qb3 O-O 13. O-O a6 14. f4 Nf5
15. Ne4 Ncd4 16. Qd1 Rad8 17. g4 Nxe2+ 18. Qxe2 Ne7 19. f3 Nd5 20. Qd2 f5 21.
Nc3 fxg4 22. fxg4 Qc6 23. Ne4 Nf6 24. Nxf6+ Rxf6 25. Rf2 Qd5 26. d4 Qe4 27.
Raf1 Rg6 28. Rg2 Be7 29. Qf2 Bf6 30. Rd1 c5 31. g5 Rxd4 32. Rxd4 cxd4 33. gxf6
dxe3 34. Qe2 1-0

[Event "XII Weekend A"]
[Site "Porto Sant'Elpidio ITA"]
[Date "2009.11.22"]
[Round "2"]
[White "Marconi, Luca"]
[Black "Rinaudo, Sergio"]
[Result "0-1"]
[WhiteElo "1815"]
[BlackElo "2121"]
[PlyCount "72"]
[EventDate "2009.11.21"]

1. d4 d5 2. c4 dxc4 3. e3 e5 4. Nf3 exd4 5. Nxd4 Nf6 6. Nc3 c5 7. Ndb5 a6 8.
Qa4 Bd7 9. Bxc4 Nc6 10. Na3 b5 11. Bxb5 axb5 12. Qxb5 Nb4 13. Qe2 Be7 14. O-O
O-O 15. Nc2 Qb6 16. h3 Be6 17. Na3 Rfd8 18. e4 Nc6 19. Qb5 Qc7 20. Qe2 Nd4 21.
Qe3 Rxa3 22. bxa3 Nc2 23. Qe2 Nxa1 24. Bb2 Nb3 25. axb3 Bxb3 26. Nb5 Qa5 27.
Bc3 Qa6 28. Rb1 Ba4 29. Bxf6 Bxf6 30. e5 Bxb5 31. Qxb5 Qxb5 32. Rxb5 Bxe5 33.
g3 Bd4 34. a4 c4 35. Rb1 c3 36. Rc1 Ra8 0-1

[Event "XII Weekend A"]
[Site "Porto Sant'Elpidio ITA"]
[Date "2009.11.22"]
[Round "2"]
[White "Silvestri, Giorgio"]
[Black "Santurbano, Maria Vincenza"]
[Result "0-1"]
[WhiteElo "1805"]
[BlackElo "1970"]
[PlyCount "92"]
[EventDate "2009.11.21"]

1. d4 c5 2. d5 Nf6 3. Nc3 g6 4. e4 d6 5. Nf3 Bg7 6. Bb5+ Nbd7 7. O-O O-O 8. Re1
a6 9. Bxd7 Nxd7 10. a4 Rb8 11. a5 b6 12. axb6 Nxb6 13. Nd2 e6 14. Nb3 exd5 15.
exd5 Qh4 16. Re4 Qf6 17. Na5 Bf5 18. Re1 Rbe8 19. Be3 Qh4 20. Nc6 Nc4 21. Na4
Nxe3 22. fxe3 Be4 23. Re2 Qg5 24. Nb6 Bf3 25. Nc4 Bxe2 26. Qxe2 Qxd5 27. Rxa6
Bh6 28. Qd3 Qg5 29. Qxd6 Rxe3 30. Qd2 Re6 31. Qxg5 Bxg5 32. Rb6 Rc8 33. Na7
Rxb6 34. Nxb6 Rd8 35. Nc4 Rd1+ 36. Kf2 Rc1 37. c3 Rc2+ 38. Kf3 Bc1 39. Na3 Rxb2
40. Nc4 Rb3 41. Ke4 Rxc3 42. Ne5 Re3+ 43. Kd5 Re2 44. Nd3 Be3 45. Ke4 Bd4+ 46.
Kf3 Re3+ 0-1

[Event "XII Weekend A"]
[Site "Porto Sant'Elpidio ITA"]
[Date "2009.11.22"]
[Round "3"]
[White "Dimitrijevic, Dragan"]
[Black "Silvestri, Giorgio"]
[Result "0-1"]
[WhiteElo "1979"]
[BlackElo "1805"]
[PlyCount "55"]
[EventDate "2009.11.21"]

1. d4 Nf6 2. c4 g6 3. Nc3 Bg7 4. e4 d6 5. Nf3 O-O 6. Be2 e5 7. O-O Nc6 8. d5
Ne7 9. Ne1 Ne8 10. Nd3 f5 11. Bd2 Nf6 12. f3 f4 13. c5 g5 14. Rc1 Rf7 15. cxd6
cxd6 16. Nb5 Ne8 17. Qc2 Qb6+ 18. Nf2 Ng6 19. a4 a5 20. Qxc8 Rxc8 21. Rxc8 Rf8
22. Ra8 Nf6 23. Rxa5 g4 24. Ra7 g3 25. a5 gxf2+ 26. Rxf2 Qc5 27. Rxb7 Nh5 28.
Rc7 0-1

[Event "XII Weekend A"]
[Site "Porto Sant'Elpidio ITA"]
[Date "2009.11.22"]
[Round "3"]
[White "Giobbi, Costantino"]
[Black "Faini, Marco"]
[Result "1/2-1/2"]
[WhiteElo "1921"]
[BlackElo "1913"]
[PlyCount "38"]
[EventDate "2009.11.21"]

1. e4 c5 2. Nf3 d6 3. d4 cxd4 4. Nxd4 Nf6 5. Nc3 a6 6. Be2 e5 7. Nb3 Be7 8. O-O
Be6 9. Kh1 O-O 10. a4 Nbd7 11. f4 exf4 12. Rxf4 Ne5 13. Nd4 Qc7 14. Nf5 Rfd8
15. Nxe7+ Qxe7 16. Rf1 h6 17. Nd5 Bxd5 18. exd5 Rac8 19. b3 Re8 1/2-1/2

[Event "XII Weekend A"]
[Site "Porto Sant'Elpidio ITA"]
[Date "2009.11.22"]
[Round "3"]
[White "Guglielmi, Dante"]
[Black "Acciaioli, Fabio"]
[Result "1-0"]
[WhiteElo "1918"]
[BlackElo "1838"]
[PlyCount "93"]
[EventDate "2009.11.21"]

1. c4 g6 2. Nc3 Bg7 3. g3 Nc6 4. Bg2 d6 5. e3 e5 6. Nge2 Nge7 7. O-O O-O 8. Rb1
Be6 9. Nd5 Qc8 10. Nec3 Kh8 11. b4 Qd7 12. b5 Nd8 13. Ba3 Nxd5 14. cxd5 Bh3 15.
Ne4 h6 16. Qc2 Bxg2 17. Kxg2 f5 18. Nc3 Nf7 19. Ne2 Rg8 20. f4 Bf6 21. e4 Rad8
22. exf5 gxf5 23. fxe5 dxe5 24. Qxf5 Qxf5 25. Rxf5 Rg6 26. Rbf1 Kg7 27. Nc3 Nd6
28. Bxd6 cxd6 29. Ne4 Rf8 30. Nxd6 Be7 31. Rxf8 Bxf8 32. Nxb7 Bb4 33. a4 Rg4
34. Rf5 Rd4 35. Rxe5 Rxd2+ 36. Kh3 Kf6 37. Re6+ Kg5 38. Ra6 Bc3 39. Nc5 Kf5 40.
d6 Bd4 41. Nb3 Rd3 42. Nxd4+ Rxd4 43. Rxa7 Ke6 44. d7 Ke7 45. b6 Rb4 46. a5 Kd8
47. b7 1-0

[Event "XII Weekend A"]
[Site "Porto Sant'Elpidio ITA"]
[Date "2009.11.22"]
[Round "3"]
[White "Marconi, Luca"]
[Black "Briffault, Philippe"]
[Result "0-1"]
[WhiteElo "1815"]
[BlackElo "1930"]
[PlyCount "62"]
[EventDate "2009.11.21"]

1. d4 Nf6 2. c4 g6 3. Nc3 Bg7 4. Nf3 O-O 5. e3 d6 6. Be2 b6 7. O-O c5 8. b3 e6
9. Bb2 a6 10. Qc2 Bb7 11. Rfd1 Qc7 12. Rac1 Nbd7 13. a3 Rfd8 14. Rd2 Rac8 15.
Rcd1 Qb8 16. Ne1 d5 17. Bd3 cxd4 18. exd4 Ng4 19. g3 Qa8 20. Be2 Ngf6 21. f4 h5
22. Qd3 dxc4 23. bxc4 Nc5 24. Qe3 Nb3 25. Rc2 Ng4 26. Bxg4 hxg4 27. Na4 Bf3 28.
Rd3 Qc6 29. Rxb3 Qxa4 30. Nxf3 gxf3 31. Rb4 Qxc2 0-1

[Event "XII Weekend A"]
[Site "Porto Sant'Elpidio ITA"]
[Date "2009.11.22"]
[Round "3"]
[White "Rinaudo, Sergio"]
[Black "Santurbano, Maria Vincenza"]
[Result "1/2-1/2"]
[WhiteElo "2121"]
[BlackElo "1970"]
[PlyCount "51"]
[EventDate "2009.11.21"]

1. d4 d5 2. Nf3 Nf6 3. e3 c5 4. b3 Nc6 5. Bd3 Bg4 6. Bb2 cxd4 7. exd4 e6 8. O-O
Be7 9. h3 Bh5 10. Nbd2 O-O 11. Re1 Nb4 12. Be2 Bg6 13. Rc1 Nxa2 14. Ra1 Nb4 15.
Rc1 Rc8 16. c4 Qd6 17. Ne5 Be4 18. c5 Qd8 19. Nxe4 Nxe4 20. Bf3 f5 21. Ba3 Nc6
22. Nxc6 Rxc6 23. b4 a6 24. Qd3 Qc7 25. Bd1 Qf4 26. Rc2 1/2-1/2

[Event "XII Weekend A"]
[Site "Porto Sant'Elpidio ITA"]
[Date "2009.11.28"]
[Round "4"]
[White "Acciaioli, Fabio"]
[Black "Marconi, Luca"]
[Result "1/2-1/2"]
[WhiteElo "1838"]
[BlackElo "1815"]
[PlyCount "97"]
[EventDate "2009.11.21"]

1. g3 Nf6 2. Nf3 g6 3. d3 Bg7 4. e4 d6 5. Bg2 O-O 6. O-O e5 7. h3 Nbd7 8. Be3
c6 9. Qe2 Qc7 10. Na3 d5 11. Nh4 d4 12. Bd2 Nb6 13. f4 Nh5 14. Qf2 Bf6 15. g4
Nxf4 16. Bxf4 exf4 17. Nf3 Rd8 18. g5 Be7 19. Nxd4 Bc5 20. c3 Qe5 21. Nac2 Qxg5
22. Qxf4 Qxf4 23. Rxf4 Bd7 24. b4 Bxd4+ 25. Nxd4 Nc8 26. e5 Ne7 27. c4 Bf5 28.
Rd1 Rd7 29. Nxf5 Nxf5 30. d4 Ne3 31. Rc1 Rad8 32. d5 cxd5 33. c5 Nxg2 34. Kxg2
d4 35. Rf6 d3 36. Rd6 Kf8 37. Rd1 Rxd6 38. exd6 Ke8 39. Rxd3 Kd7 40. Rf3 f5 41.
Re3 Re8 42. Ra3 a6 43. Kf3 Re4 44. Rb3 Kc6 45. a4 Rd4 46. Ke3 Rd5 47. Rc3 g5
48. Rc4 Rd1 49. Rd4 1/2-1/2